Sports Quiz

Random Sports or Football Quiz

NFL Super Bowl MVPs Quiz Stats

 Plays Quiz not verified by Sporcle

Challenge
Share
Tweet
Embed
Score 0/44 Timer 10:00
0 Plays Today
Super Bowl # Player % Correct
XXXIIIJohn Elway
98%
XXXVITom Brady
98%
XXXVIIITom Brady
98%
XLIPeyton Manning
98%
XLIIEli Manning
98%
XLIVDrew Brees
98%
XVIJoe Montana
96.9%
XIXJoe Montana
96.9%
XXIVJoe Montana
96.9%
XLHines Ward
96.9%
XXVIITroy Aikman
95.9%
XXVIIIEmmitt Smith
95.9%
XXXVRay Lewis
95.9%
IBart Starr
93.9%
IIBart Starr
93.9%
XXIIIJerry Rice
93.9%
XXIXSteve Young
93.9%
XXXIVKurt Warner
93.9%
XLIIISantonio Holmes
93.9%
XIIITerry Bradshaw
92.9%
XIVTerry Bradshaw
92.9%
XXXIITerrell Davis
92.9%
Super Bowl # Player % Correct
IIIJoe Namath
91.8%
XXXIXDeion Branch
89.8%
XXIPhil Simms
80.6%
VIRoger Staubach
79.6%
XXXIDesmond Howard
77.6%
IXFranco Harris
75.5%
XVIIIMarcus Allen
74.5%
XLynn Swann
71.4%
XXIIDoug Williams
71.4%
VIIILarry Csonka
70.4%
XXXVIIDexter Jackson
66.3%
XXVIMark Rypien
65.3%
XVJim Plunkett
60.2%
XVIIJohn Riggins
58.2%
IVLen Dawson
54.1%
XXVOttis Anderson
53.1%
XXXLarry Brown
49%
XXRichard Dent
46.9%
XIIRandy White
43.9%
XIFred Biletnikoff
24.5%
VIIJake Scott
18.4%
VChuck Howley
17.3%

You're not logged in!

Compare scores with friends on all Sporcle quizzes.
Join for Free
OR
Log In

You Might Also Like...

Show Comments

Extras

Top Quizzes Today


Score Distribution

Your Account Isn't Verified!

In order to create a playlist on Sporcle, you need to verify the email address you used during registration. Go to your Sporcle Settings to finish the process.

Report this User

Report this user for behavior that violates our Community Guidelines.

Details: